A vallás régészete kutatástörténet /
Elmentve itt :
| Szerző: | |
|---|---|
| Dokumentumtípus: | Könyv része |
| Megjelent: |
2017
|
| Sorozat: | Vallás a társadalomban = Religion in society
Metszet és perspektíva : tanulmányok az alkalmazott valláskutatás területéről |
| Kulcsszavak: | Vallástudomány |
| Tárgyszavak: | |
| Online Access: | http://acta.bibl.u-szeged.hu/68918 |
| LEADER | 00809naa a2200205 i 4500 | ||
|---|---|---|---|
| 001 | acta68918 | ||
| 005 | 20220322155355.0 | ||
| 008 | 200605s2017 hu o 0|| hun d | ||
| 040 | |a SZTE Egyetemi Kiadványok Repozitórium |b hun | ||
| 041 | |a hun | ||
| 100 | 1 | |a Hegedüs Gabriella | |
| 245 | 1 | 2 | |a A vallás régészete |h [elektronikus dokumentum] : |b kutatástörténet / |c Hegedüs Gabriella |
| 260 | |c 2017 | ||
| 300 | |a 95-127 | ||
| 490 | 0 | |a Vallás a társadalomban = Religion in society | |
| 490 | 0 | |a Metszet és perspektíva : tanulmányok az alkalmazott valláskutatás területéről | |
| 650 | 4 | |a Bölcsészettudományok | |
| 650 | 4 | |a Filozófia, etika és vallástudományok | |
| 695 | |a Vallástudomány | ||
| 856 | 4 | 0 | |u http://acta.bibl.u-szeged.hu/68918/1/vallas_a_tarsadalomban_05_095-127.pdf |z Dokumentum-elérés |